| 000 | 00627nam a2200205Ia 4500 | ||
|---|---|---|---|
| 999 |
_c8934 _d8934 |
||
| 020 | _a9781138222243 | ||
| 082 | _a341.48 HUM- | ||
| 245 | 0 | _aHuman rights and the dark side of globalisation: transnational law enforcement and migration control | |
| 260 |
_aLondon _bRoutledge _c2017 |
||
| 300 | _axiii, 365p | ||
| 440 | _aRoutledge studies in human rights | ||
| 504 | _aincludes index | ||
| 650 | _aEmigration and imigration | ||
| 650 | _aHuman rights | ||
| 650 | _aHuman rights and globalisation | ||
| 650 | _aInternational law | ||
| 700 | _aGammeltoft-Hansen, Thomas | ||
| 700 | _aVedsted-Hansen, Jens | ||
| 942 | _cBK | ||